[Event "It (cat.4)"]
[Site "Novosibirsk (Russia)"]
[Date "2007.07.29"]
[Round "11"]
[White "Vekshenkov Nikolai (RUS)"]
[Black "Tuzhik Artem (RUS)"]
[Result "1-0"]
[WhiteElo "2422"]
[BlackElo "2353"]
[PlyCount "81"]
[EventDate "2007.??.??"]
[Source "www.chesslib.no"]
[SourceDate "2004.05.04"]

1. d4 Nf6 2. c4 e5 3. dxe5 Ng4 4. e3 Nxe5 5. Nc3 Bb4 6. Bd2 a5 7. Nh3 d6 8. Nf4 c6 9. a3 Bc5 10. Ne4 Bb6 11. Bc3 Bc7 12. Be2 Qe7 13. O-O O-O 14. b3 Nbd7 15. Qc2 f5 16. Nd2 g5 17. Nd3 Ng6 18. Rae1 Nf6 19. Bd4 Bd7 20. Bf3 Ne4 21. g3 c5 22. Bb2 Bc6 23. Bg2 Rae8 24. f3 Nxd2 25. Qxd2 d5 26. cxd5 Bxd5 27. Nf4 Bf7 28. Nd5 Bxd5 29. Qxd5+ Rf7 30. f4 b6 31. Qc4 b5 32. Qxb5 Rd8 33. Qc4 Qd6 34. Bf3 Qd3 35. Bc3 g4 36. Bg2 a4 37. Rd1 Qxe3+ 38. Kh1 Rxd1 39. Rxd1 axb3 40. Bd5 Kf8 41. Re1 1-0

[Event "Martinez Acosta A"]
[Site "Martinez Acosta A"]
[Date "1995.??.??"]
[Round "?"]
[White "Muttoni, Guillermo Cesar"]
[Black "Mujica, Mario A"]
[Result "1/2-1/2"]
[WhiteElo "2390"]
[BlackElo "2385"]
[PlyCount "69"]
[EventDate "1995.??.??"]
[Source "www.chesslib.no"]
[SourceDate "2004.05.04"]

1. d4 Nf6 2. c4 e5 3. dxe5 Ng4 4. e3 Nxe5 5. Nh3 Bc5 6. Be2 O-O 7. O-O Ng6 8. e4 d6 9. Nf4 Nxf4 10. Bxf4 Nc6 11. Nc3 Be6 12. Qd2 Nd4 13. b4 Nxe2+ 14. Nxe2 Bb6 15. Rac1 Qe7 16. Nd4 Bxd4 17. Qxd4 a5 18. b5 b6 19. e5 dxe5 20. Qxe5 Rac8 21. c5 Rfe8 22. Rfe1 Qf8 23. cxb6 cxb6 24. Rxc8 Rxc8 25. Be3 Bxa2 26. Bxb6 a4 27. Be3 f6 28. Qf5 a3 29. b6 Re8 30. h4 Qb4 31. Ra1 Qb2 32. Rd1 Be6 33. Qb1 Qxb1 34. Rxb1 a2 35. Ra1 1/2-1/2

[Event "2. It Open"]
[Site "?"]
[Date "2000.07.02"]
[Round "2"]
[White "Vojinovic Goran"]
[Black "Djoric Dusan"]
[Result "1-0"]
[WhiteElo "2440"]
[BlackElo "2327"]
[PlyCount "81"]
[EventDate "2000.??.??"]
[Source "www.chesslib.no"]
[SourceDate "2004.05.04"]

1. d4 Nf6 2. c4 e5 3. dxe5 Ng4 4. e3 Bb4+ 5. Bd2 Bxd2+ 6. Qxd2 Nxe5 7. Nh3 d6 8. Nf4 Nbd7 9. Nc3 O-O 10. Be2 a5 11. b3 Nc5 12. O-O b6 13. Rad1 Bb7 14. Nfd5 Re8 15. e4 Ned7 16. f3 Nf6 17. Ne3 g6 18. Rfe1 Qe7 19. Bf1 Qf8 20. Qf2 Qg7 21. Rc1 Re7 22. Qb2 Rae8 23. Nb5 Bc6 24. Rcd1 h5 25. Qf2 Bd7 26. h4 Bc6 27. Nd4 Bd7 28. a3 Ne6 29. Nb5 Bc6 30. Nd5 Bxd5 31. cxd5 Nc5 32. b4 axb4 33. axb4 Ncxe4 34. fxe4 Nxe4 35. Qd4 Ng3 36. Qxg7+ Kxg7 37. Rxe7 Rxe7 38. Bd3 f5 39. Kf2 Ne4+ 40. Bxe4 Rxe4 41. Rd4 1-0

[Event "Debrecen-A"]
[Site "Debrecen"]
[Date "1993.??.??"]
[Round "2"]
[White "Ionescu, Constantin"]
[Black "Kirchner, Thomas"]
[Result "1-0"]
[WhiteElo "2475"]
[BlackElo "2275"]
[PlyCount "69"]
[EventDate "1993.??.??"]
[Source "www.chesslib.no"]
[SourceDate "2004.05.04"]

1. d4 Nf6 2. c4 e5 3. dxe5 Ng4 4. e3 Nxe5 5. Nh3 Nbc6 6. Nf4 Bb4+ 7. Bd2 Bxd2+ 8. Qxd2 d6 9. Be2 Be6 10. Nxe6 fxe6 11. f4 Ng6 12. Nc3 Qe7 13. g3 O-O-O 14. O-O-O Qe8 15. Bg4 Kb8 16. Qg2 h5 17. Bh3 e5 18. Rd2 h4 19. Rhd1 exf4 20. exf4 hxg3 21. hxg3 Qe3 22. Bg4 Qc5 23. Rd5 Qxc4 24. Be2 Nxf4 25. gxf4 Qxf4+ 26. R5d2 g5 27. Bf3 Na5 28. Kb1 Nc4 29. Rd4 Ne3 30. Rxf4 Nxg2 31. Rb4 Ne3 32. Rxb7+ Kc8 33. Bc6 Rdf8 34. Rxa7 Kd8 35. Re1 1-0

[Event "CRO Team Ch"]
[Site "Tucepi"]
[Date "1996.??.??"]
[Round "?"]
[White "Muse, Drazen"]
[Black "Kutuzovic, Branko"]
[Result "1-0"]
[WhiteElo "2335"]
[BlackElo "2405"]
[PlyCount "84"]
[EventDate "1996.??.??"]
[Source "www.chesslib.no"]
[SourceDate "2004.05.04"]

1. d4 Nf6 2. c4 e5 3. dxe5 Ng4 4. e3 Nxe5 5. Nh3 Bb4+ 6. Bd2 Bxd2+ 7. Qxd2 d6 8. Nf4 Nbd7 9. Nc3 a5 10. Be2 Nc5 11. O-O O-O 12. Rad1 Re8 13. b3 Bd7 14. Nh5 Bc6 15. Nd5 Bxd5 16. cxd5 Qd7 17. Qb2 f6 18. Rd4 Ng6 19. a3 Qf7 20. Rfd1 Re5 21. Qc3 Qd7 22. b4 axb4 23. axb4 Na4 24. Qc2 Nb6 25. Bg4 f5 26. f4 Rxe3 27. Bxf5 Qe7 28. Be6+ Kh8 29. f5 Ne5 30. Qf2 Rea3 31. f6 gxf6 32. Qf5 Nbc4 33. Rc1 Ne3 34. Qf4 Nd3 35. Qh6 Ra1 36. Rxd3 Rxc1+ 37. Kf2 Nc4 38. Qxc1 Ne5 39. Ra3 Ra6 40. Rxa6 bxa6 41. Qh6 f5 42. Qf6+ Qxf6 1-0

[Event "BL2-O 9495"]
[Site "GER"]
[Date "1995.??.??"]
[Round "?"]
[White "Meister, Peter"]
[Black "Bartsch, Berthold"]
[Result "0-1"]
[WhiteElo "2400"]
[BlackElo "2330"]
[PlyCount "98"]
[EventDate "1994.10.??"]
[Source "www.chesslib.no"]
[SourceDate "2004.05.04"]

1. d4 Nf6 2. c4 e5 3. dxe5 Ng4 4. e3 Nxe5 5. Nh3 Ng6 6. Qh5 Bb4+ 7. Nd2 Qf6 8. Rb1 d6 9. a3 Qf5 10. Qxf5 Bxd2+ 11. Bxd2 Bxf5 12. Rc1 Bxh3 13. gxh3 Nd7 14. Bc3 O-O 15. Rg1 Rae8 16. b4 Nde5 17. Be2 f5 18. f4 Nd7 19. Kf2 Nf6 20. Bd3 Ne4+ 21. Bxe4 Rxe4 22. h4 Rf7 23. h5 Nf8 24. Ba1 Nd7 25. Rg5 Nf8 26. h4 Ne6 27. Rgg1 Re7 28. Rgd1 Nd8 29. c5 Nf7 30. Rg1 Kf8 31. Bxg7+ Ke8 32. cxd6 Nxd6 33. Bf6 Rf7 34. Be5 Nc4 35. Bd4 Nxa3 36. Rc5 b6 37. Rd5 Nc2 38. Rg8+ Ke7 39. Ra8 Ke6 40. Rdd8 Nxd4 41. exd4 Rxf4+ 42. Ke3 Rxh4 43. Rxa7 Rd7 44. Rc8 Re4+ 45. Kf3 Kd6 46. Rf8 Rxd4 47. Rf6+ Ke5 48. Rc6 Rxb4 49. Rcxc7 Rd3+ 0-1

[Event "Badenweiler Open"]
[Site "Badenweiler"]
[Date "1990.??.??"]
[Round "4"]
[White "Klebel, Martin"]
[Black "Gurieli, Nino"]
[Result "1/2-1/2"]
[WhiteElo "2370"]
[BlackElo "2360"]
[PlyCount "52"]
[EventDate "1990.10.??"]
[Source "www.chesslib.no"]
[SourceDate "2004.05.04"]

1. d4 Nf6 2. c4 e5 3. dxe5 Ng4 4. e3 Bb4+ 5. Bd2 Bxd2+ 6. Qxd2 Nxe5 7. Nh3 O-O 8. Be2 a5 9. Nf4 d6 10. Nc3 Na6 11. O-O Nc5 12. b3 Re8 13. Nfd5 Ng6 14. Qc2 c6 15. Nf4 Nxf4 16. exf4 Qf6 17. Qd2 Bf5 18. Bf3 Be4 19. Nxe4 Nxe4 20. Bxe4 Rxe4 21. Rad1 Qxf4 22. Qxf4 Rxf4 23. Rxd6 Re4 24. Rfd1 Kf8 25. f3 Re2 26. R1d2 Rxd2 1/2-1/2

[Event "Lubniewice POL"]
[Site "?"]
[Date "2005.09.08"]
[Round "6"]
[White "Socko Monika"]
[Black "Worek Joanna"]
[Result "1/2-1/2"]
[WhiteElo "2465"]
[BlackElo "2263"]
[PlyCount "81"]
[EventDate "2005.??.??"]
[Source "www.chesslib.no"]
[SourceDate "2004.05.04"]

1. d4 Nf6 2. c4 e5 3. dxe5 Ng4 4. e3 Nxe5 5. Nh3 Be7 6. Nf4 O-O 7. Be2 Nbc6 8. O-O a5 9. Nc3 d6 10. Nfd5 Nb4 11. Nxe7+ Qxe7 12. a3 Na6 13. f4 Nd7 14. b4 Nf6 15. Bd3 Bg4 16. Nd5 Nxd5 17. Qxg4 Nf6 18. Qf5 axb4 19. axb4 Nxb4 20. Rxa8 Rxa8 21. Bb1 Qd7 22. Qg5 h6 23. Qg3 Qe6 24. Bb2 d5 25. f5 Qe7 26. Bxf6 Qxf6 27. Qxc7 Qc6 28. Qe7 Qxc4 29. f6 d4 30. Qxb7 Rd8 31. Qe4 g6 32. Qf4 Qc3 33. Bxg6 Qxe3+ 34. Qxe3 dxe3 35. Bh5 Rd2 36. Rb1 e2 37. Bxe2 Rxe2 38. Rxb4 Re6 39. Rg4+ Kh8 40. Rf4 Kh7 41. Kf2 1/2-1/2

[Event "2. Brazilian City Cup"]
[Site "?"]
[Date "1998.05.23"]
[Round "3"]
[White "Lima Darcy"]
[Black "De Andrade Waldemido"]
[Result "1-0"]
[WhiteElo "2475"]
[BlackElo "2250"]
[PlyCount "47"]
[EventDate "1998.??.??"]
[Source "www.chesslib.no"]
[SourceDate "2004.05.04"]

1. d4 Nf6 2. c4 e5 3. dxe5 Ng4 4. e3 Nxe5 5. Nh3 Bb4+ 6. Bd2 a5 7. Nf4 Na6 8. Be2 Nc5 9. O-O Ra6 10. Bc3 Bxc3 11. Nxc3 Rh6 12. g3 d6 13. a3 g5 14. Nh5 Qd7 15. f4 gxf4 16. exf4 Nc6 17. b4 Ne6 18. Nd5 Kf8 19. Bg4 Qe8 20. b5 Ne7 21. f5 Nc5 22. Qd4 Rg8 23. Ndf6 Rg5 24. Qe3 1-0

[Event "BL2-N 8788"]
[Site "GER"]
[Date "1988.??.??"]
[Round "?"]
[White "Borik, Otto"]
[Black "Blauert, Joerg"]
[Result "1-0"]
[WhiteElo "2350"]
[BlackElo "2375"]
[PlyCount "69"]
[EventDate "1987.10.??"]
[Source "www.chesslib.no"]
[SourceDate "2004.05.04"]

1. d4 Nf6 2. c4 e5 3. dxe5 Ng4 4. e3 Nxe5 5. Nh3 Bc5 6. Nf4 O-O 7. Be2 Re8 8. O-O a5 9. Nc3 d6 10. b3 Nbc6 11. Bb2 Bf5 12. Kh1 Ne7 13. e4 Bd7 14. Nh5 f6 15. f4 N5g6 16. Qd3 Rf8 17. Rad1 Rf7 18. a3 Qc8 19. h3 Qf8 20. Qg3 Kh8 21. Bg4 f5 22. Bf3 fxe4 23. Nxe4 Nf5 24. Qg5 Ba7 25. Bg4 Ne3 26. Bxd7 Rxd7 27. f5 Nxd1 28. Rxd1 Re8 29. f6 Ne5 30. Bxe5 Rxe5 31. Qxe5 dxe5 32. Rxd7 g6 33. Ng5 gxh5 34. Rxh7+ Kg8 35. f7+ 1-0

[Event "It Open"]
[Site "?"]
[Date "1999.??.??"]
[Round "8"]
[White "Kohlweyer Bernd"]
[Black "Hania Jan"]
[Result "1-0"]
[WhiteElo "2445"]
[BlackElo "2265"]
[PlyCount "77"]
[EventDate "1999.??.??"]
[Source "www.chesslib.no"]
[SourceDate "2004.05.04"]

1. d4 Nf6 2. c4 e5 3. dxe5 Ng4 4. e3 Nxe5 5. Nh3 Bb4+ 6. Bd2 Bxd2+ 7. Qxd2 d5 8. Qxd5 Qxd5 9. cxd5 Bxh3 10. gxh3 Nbd7 11. Nc3 Nf3+ 12. Ke2 Nh4 13. f4 O-O-O 14. Rd1 Rhe8 15. Kf2 Nc5 16. Bb5 Re7 17. Rhe1 f5 18. Kg3 Ng6 19. b4 Ne4+ 20. Nxe4 fxe4 21. Be2 Kd7 22. d6 cxd6 23. Rd4 Kc7 24. Rc1+ Kb8 25. Bg4 Rc7 26. Rxc7 Kxc7 27. Rxe4 Kb6 28. h4 d5 29. Re6+ Kb5 30. h5 Nf8 31. Re7 b6 32. Rxg7 Kxb4 33. Rxa7 d4 34. exd4 Rxd4 35. Ra8 Nd7 36. Rd8 Rd3+ 37. Kh4 Nc5 38. Rxd3 Nxd3 39. Bf5 1-0

[Event "HUN-chT1 9596"]
[Site "HUN"]
[Date "1996.??.??"]
[Round "8"]
[White "Gyorkos, Lajos"]
[Black "Kaposztas, Miklos"]
[Result "1/2-1/2"]
[WhiteElo "2390"]
[BlackElo "2310"]
[PlyCount "145"]
[EventDate "1995.??.??"]
[Source "www.chesslib.no"]
[SourceDate "2004.05.04"]

1. d4 Nf6 2. c4 e5 3. dxe5 Ng4 4. e3 Nxe5 5. Nh3 Nbc6 6. Nf4 Bb4+ 7. Bd2 Bxd2+ 8. Qxd2 d6 9. Nc3 O-O 10. Be2 Be6 11. b3 Ng6 12. Nfd5 Bxd5 13. cxd5 Nce5 14. Rc1 a6 15. O-O Re8 16. Rc2 Re7 17. Rfc1 Nd7 18. b4 Nf6 19. Qd4 Qe8 20. Bf1 Ne5 21. Nd1 Qd8 22. h3 a5 23. a3 axb4 24. axb4 Ng6 25. Nc3 c6 26. Rd1 Rc8 27. dxc6 bxc6 28. Rcc1 d5 29. Na4 Re4 30. Qc3 Rb8 31. Rb1 Qe8 32. Nc5 Re7 33. Qd4 Nf8 34. Rdc1 Ne6 35. Nxe6 Rxe6 36. Bd3 g6 37. Rc5 Nd7 38. Ra5 Ne5 39. Bf1 Qf8 40. Qa1 Nd7 41. Qa4 Nb6 42. Qc2 Nc8 43. Rc5 Ne7 44. Qa4 Qd8 45. Ra5 h5 46. Qa3 Qd6 47. Ra6 Re4 48. Ra8 Kh7 49. Rxb8 Qxb8 50. b5 cxb5 51. Rxb5 Qc8 52. Qa7 Qe6 53. Bd3 Re5 54. Rb6 Qc8 55. Rb7 Qe6 56. Rc7 Kg7 57. Qc5 Qf6 58. Rd7 Re6 59. Bb5 Qa1+ 60. Bf1 Qf6 61. Qa3 Qe5 62. Rd8 Kf6 63. Qa4 Nf5 64. Qa3 Rd6 65. Ra8 d4 66. Ra5 Rd5 67. Ra6+ Rd6 68. Ra5 Rd5 69. Ra6+ Rd6 70. exd4 Qxd4 71. Ra4 Qe5 72. Qf3 Kg7 73. Re4 1/2-1/2

[Event "Havana Provincial"]
[Site "?"]
[Date "1999.??.??"]
[Round "?"]
[White "Almeida Omar"]
[Black "Fuentes Manuel"]
[Result "1-0"]
[WhiteElo "2340"]
[BlackElo "2355"]
[PlyCount "61"]
[EventDate "1999.??.??"]
[Source "www.chesslib.no"]
[SourceDate "2004.05.04"]

1. d4 Nf6 2. c4 e5 3. dxe5 Ng4 4. e3 Nxe5 5. Nh3 Ng6 6. g3 Nc6 7. Bg2 Nce5 8. Qb3 Qf6 9. f4 Bb4+ 10. Bd2 Bxd2+ 11. Nxd2 Nc6 12. O-O O-O 13. Ne4 Qf5 14. Nhf2 d6 15. Bh3 Qa5 16. Bxc8 Rfxc8 17. Qxb7 Nb4 18. Qb5 Qxb5 19. cxb5 Rab8 20. Rfc1 Nd5 21. a4 a6 22. bxa6 Rb6 23. Nd3 Rxa6 24. Nc3 Nxe3 25. b4 Ne7 26. b5 Ra5 27. Nb4 c5 28. bxc6 Nxc6 29. Nb5 Ne7 30. Rxc8+ Nxc8 31. Re1 1-0

[Event "Corr"]
[Site "?"]
[Date "1998.??.??"]
[Round "?"]
[White "Van Asperen Rob"]
[Black "Soentges Karl Heinz"]
[Result "1-0"]
[WhiteElo "2258"]
[BlackElo "2437"]
[PlyCount "45"]
[EventDate "1998.??.??"]
[Source "www.chesslib.no"]
[SourceDate "2004.05.04"]

1. d4 Nf6 2. c4 e5 3. dxe5 Ng4 4. e3 Nxe5 5. Nh3 Bc5 6. Nf4 O-O 7. Be2 Nbc6 8. O-O d6 9. Nc3 a5 10. b3 Re8 11. Bb2 Bf5 12. Kh1 Rc8 13. Nb5 Qd7 14. Nd4 Be4 15. f3 Bg6 16. a3 f6 17. Nxc6 Qxc6 18. e4 Bf7 19. Nd5 Kh8 20. f4 Ng6 21. Nxf6 gxf6 22. Bxf6+ Kg8 23. f5 1-0

[Event "FRA Team Ch"]
[Site "France"]
[Date "1995.??.??"]
[Round "?"]
[White "Collard, Olivier"]
[Black "Szabolcsi, Janos"]
[Result "0-1"]
[WhiteElo "2215"]
[BlackElo "2470"]
[PlyCount "78"]
[EventDate "1995.??.??"]
[Source "www.chesslib.no"]
[SourceDate "2004.05.04"]

1. d4 Nf6 2. c4 e5 3. dxe5 Ng4 4. Nc3 Nxe5 5. Bf4 Nbc6 6. e3 g6 7. Nf3 Bg7 8. Nxe5 Nxe5 9. Be2 d6 10. O-O O-O 11. Qc2 Be6 12. Nb5 Qe7 13. Rad1 f5 14. Nd4 Bf7 15. h3 c6 16. b4 Rfd8 17. Rfe1 c5 18. bxc5 dxc5 19. Nf3 Nc6 20. Rxd8+ Rxd8 21. Rd1 Bf6 22. Rxd8+ Qxd8 23. h4 Qa5 24. Ng5 Qe1+ 25. Bf1 Nb4 26. Qa4 Nd3 27. Bg3 f4 28. exf4 Bd4 29. Qc2 Nb4 30. Qb3 Qc3 31. Nxf7 Kxf7 32. Kh2 Qxb3 33. axb3 Kf6 34. Be2 Kf5 35. Bf3 b6 36. Bb7 Na2 37. f3 Nc3 38. Bc8+ Kf6 39. Be1 Ne2 0-1

[Event "BL2-S 9091"]
[Site "GER"]
[Date "1991.??.??"]
[Round "?"]
[White "Dittmar, Peter"]
[Black "Oesterle, Peter"]
[Result "1-0"]
[WhiteElo "2325"]
[BlackElo "2360"]
[PlyCount "75"]
[EventDate "1990.10.??"]
[Source "www.chesslib.no"]
[SourceDate "2004.05.04"]

1. d4 Nf6 2. c4 e5 3. dxe5 Ng4 4. Qd4 d6 5. exd6 Bxd6 6. Qe4+ Be6 7. Nc3 Nc6 8. Nf3 Qd7 9. e3 O-O-O 10. Nd4 Be5 11. Be2 Nxd4 12. exd4 Bxd4 13. O-O f5 14. Qc2 Qe7 15. Nb5 Bb6 16. b4 c6 17. c5 Bc7 18. Nxc7 Qxc7 19. Bxg4 fxg4 20. Qe4 Qd7 21. Bf4 Qd5 22. Qe3 Qf5 23. Bd6 Rde8 24. Qa3 a6 25. Qa5 Qf7 26. Qb6 Qd7 27. Rfd1 Bd5 28. b5 axb5 29. Qa5 Qd8 30. Qa8+ Kd7 31. Qxb7+ Ke6 32. Qxg7 Qf6 33. Qxg4+ Kf7 34. Qd7+ Kg6 35. Rac1 Re6 36. Rd3 h5 37. Rg3+ Kf5 38. Rg7 1-0

[Event "06.OIBayEM Bad Wiessee op"]
[Site "?"]
[Date "2002.10.31"]
[Round "6"]
[White "Kalka Arkadius Georg"]
[Black "Schnepp Gunnar"]
[Result "1-0"]
[WhiteElo "2404"]
[BlackElo "2278"]
[PlyCount "81"]
[EventDate "2002.??.??"]
[Source "www.chesslib.no"]
[SourceDate "2004.05.04"]

1. d4 Nf6 2. c4 e5 3. dxe5 Ng4 4. e3 Nxe5 5. Nh3 g6 6. Nc3 Bg7 7. Nf4 O-O 8. Qd2 d6 9. b3 c6 10. Bb2 Qe7 11. Rd1 Rd8 12. Be2 f5 13. O-O Na6 14. Na4 Nc7 15. b4 Ne8 16. Qc1 Nf6 17. Qa1 Re8 18. Rfe1 g5 19. Nh5 Nxh5 20. Bxh5 Rd8 21. c5 d5 22. f4 Nc4 23. Bxg7 Qxg7 24. Qxg7+ Kxg7 25. fxg5 a5 26. b5 cxb5 27. Nc3 Bd7 28. Rxd5 Bc6 29. Rxf5 b4 30. Rf4 Ne5 31. Ne4 Bd5 32. Re2 Nd3 33. Nf6 Nxf4 34. exf4 Bg8 35. Re7+ Kh8 36. Bf7 Rd1+ 37. Kf2 Rf8 38. Bxg8 Rxf6 39. gxf6 Kxg8 40. Rxb7 Rd2+ 41. Kf3 1-0

[Event "Wiesbaden Open"]
[Site "Wiesbaden GER"]
[Date "1991.??.??"]
[Round "3"]
[White "Bandza, Algirdas"]
[Black "Vogler, Tilmann"]
[Result "1/2-1/2"]
[WhiteElo "2405"]
[BlackElo "2270"]
[PlyCount "92"]
[EventDate "1991.??.??"]
[Source "www.chesslib.no"]
[SourceDate "2004.05.04"]

1. d4 Nf6 2. c4 e5 3. dxe5 Ng4 4. Nh3 Nxe5 5. e3 d6 6. Nf4 g6 7. Be2 Bg7 8. Nc3 Na6 9. O-O O-O 10. Qd2 Nc5 11. b3 Ne6 12. Bb2 Nxf4 13. exf4 Nc6 14. Nd5 Be6 15. Bxg7 Kxg7 16. Qc3+ f6 17. Ne3 Ne7 18. Rad1 Qd7 19. Rd2 Rae8 20. Bf3 b6 21. g3 Nf5 22. Nc2 a5 23. Rfd1 Re7 24. Qd3 Nh6 25. Ne3 Rfe8 26. Nd5 Bxd5 27. cxd5 Qh3 28. Re2 Ng4 29. Bxg4 Qxg4 30. Rxe7+ Rxe7 31. Rc1 h5 32. Kg2 Qd7 33. h3 Kf7 34. Rc4 Qb5 35. f5 g5 36. Qf3 Kg7 37. Rc2 Kh6 38. Rd2 Re1 39. Rd3 Re5 40. h4 g4 41. Qd1 Rxf5 42. Rd4 Qc5 43. Qd2+ Kg7 44. a4 c6 45. Rc4 Qxd5+ 46. Qxd5 Rxd5 1/2-1/2

[Event "Sautron FRA 2003"]
[Site "?"]
[Date "2003.10.27"]
[Round "3"]
[White "Miraoui Karim"]
[Black "Nevednichy Vladislav"]
[Result "0-1"]
[WhiteElo "2081"]
[BlackElo "2575"]
[PlyCount "44"]
[EventDate "2003.??.??"]
[Source "www.chesslib.no"]
[SourceDate "2004.05.04"]

1. d4 Nf6 2. c4 e5 3. dxe5 Ng4 4. e3 Nxe5 5. Nh3 d6 6. Nf4 g6 7. Be2 Bg7 8. O-O O-O 9. Nc3 Nbd7 10. Nfd5 c6 11. Nb4 Nb6 12. f4 Nexc4 13. e4 Qe7 14. f5 d5 15. f6 Bxf6 16. exd5 Bf5 17. Nc2 Rad8 18. g4 Bxc2 19. Qxc2 Ne3 20. Bxe3 Qxe3+ 21. Kh1 Bxc3 22. bxc3 Rxd5 0-1

[Event "AUT Team Ch"]
[Site "Austria"]
[Date "1989.??.??"]
[Round "?"]
[White "Schuh, Franz"]
[Black "Cigan, Stefan"]
[Result "1/2-1/2"]
[WhiteElo "2295"]
[BlackElo "2360"]
[PlyCount "26"]
[EventDate "1989.??.??"]
[Source "www.chesslib.no"]
[SourceDate "2004.05.04"]

1. d4 Nf6 2. c4 e5 3. dxe5 Ng4 4. e6 Bb4+ 5. Nc3 fxe6 6. Nf3 Bxc3+ 7. bxc3 Qf6 8. h3 Ne5 9. Nxe5 Qxe5 10. Qd4 Qf6 11. Bf4 d6 12. Qxf6 gxf6 13. c5 e5 1/2-1/2

[Event "Presov op"]
[Site "?"]
[Date "2000.??.??"]
[Round "2"]
[White "Likavsky Tomas"]
[Black "Jacko Vladimir"]
[Result "1-0"]
[WhiteElo "2409"]
[BlackElo "2234"]
[PlyCount "73"]
[EventDate "2000.??.??"]
[Source "www.chesslib.no"]
[SourceDate "2004.05.04"]

1. d4 Nf6 2. c4 e5 3. dxe5 Ng4 4. e3 Nxe5 5. Nh3 a5 6. Nf4 d6 7. Be2 g6 8. Nc3 Bg7 9. O-O O-O 10. Bd2 Nbc6 11. Nb5 Ne7 12. Bc3 Bd7 13. Rc1 Nf5 14. e4 Ne7 15. Nd5 Bxb5 16. Nxe7+ Qxe7 17. cxb5 c5 18. Qd5 g5 19. Rcd1 Rfd8 20. g3 Ng6 21. Qf5 Bxc3 22. bxc3 Qe5 23. Qf3 Ne7 24. Bc4 Qg7 25. e5 dxe5 26. Qxb7 Qf6 27. Rd7 Rxd7 28. Qxd7 Kf8 29. Rd1 e4 30. Qb7 Re8 31. Qxe4 Qxc3 32. b6 Ng6 33. Qd5 Ne5 34. Bb5 Nf3+ 35. Kg2 Ne1+ 36. Kf1 Re5 37. b7 1-0

[Event "X Open internazionale"]
[Site "Banyoles SPA"]
[Date "2007.08.17"]
[Round "2"]
[White "Feller, Sebastien"]
[Black "Barbero Senidic, Alejandro"]
[Result "1-0"]
[WhiteElo "2476"]
[BlackElo "2163"]
[PlyCount "77"]
[EventDate "2007.08.16"]
[Source "www.chesslib.no"]
[SourceDate "2004.05.04"]

1. d4 Nf6 2. c4 e5 3. dxe5 Ng4 4. Nh3 Nxe5 5. e3 Bb4+ 6. Bd2 Bxd2+ 7. Qxd2 d6 8. Nf4 Nbd7 9. Nc3 Nc5 10. Be2 O-O 11. O-O a5 12. Rad1 a4 13. Nfd5 Re8 14. f4 Ned7 15. Nb5 Na6 16. Bf3 Ndc5 17. Nd4 Be6 18. b4 axb3 19. axb3 Bxd5 20. cxd5 Qe7 21. Rfe1 Ne4 22. Qc2 g6 23. Rc1 Rac8 24. Bg4 Ra8 25. Be2 Nec5 26. Bb5 Red8 27. e4 Qh4 28. Qd2 Nb8 29. b4 Nca6 30. Nf3 Qg4 31. h3 Qg3 32. e5 dxe5 33. Rxe5 h6 34. Re8+ Rxe8 35. Bxe8 Nxb4 36. Bxf7+ Kh7 37. Bxg6+ Kxg6 38. Qe3 Ra3 39. Qe6+ 1-0

[Event "Europa ch 2008"]
[Site "Plovdiv BUL"]
[Date "2008.05.01"]
[Round "10.133"]
[White "Galopoulos, Nikolaos"]
[Black "Ris, Robert"]
[Result "1-0"]
[WhiteElo "2243"]
[BlackElo "2395"]
[PlyCount "47"]
[EventDate "2008.04.21"]
[Source "www.chesslib.no"]
[SourceDate "2004.05.04"]

1. c4 Nf6 2. d4 e5 3. dxe5 Ng4 4. Bf4 g5 5. Bd2 Nxe5 6. Bc3 Bg7 7. e3 Qe7 8. Be2 f5 9. Bh5+ Ng6 10. Ne2 O-O 11. Bxg6 hxg6 12. h4 f4 13. Bxg7 Qxg7 14. Qd5+ Rf7 15. hxg5 fxe3 16. fxe3 Qxb2 17. Qe4 Kf8 18. Qxg6 Nc6 19. Qh6+ Ke7 20. g6 Rf6 21. Qh7+ Kd6 22. g7 Nb4 23. g8=Q Qxa1 24. Rh6 1-0

[Event "Berlin GER"]
[Site "?"]
[Date "2003.05.29"]
[Round "3.2"]
[White "Ellers Holger"]
[Black "Dauth Benjamin"]
[Result "0-1"]
[WhiteElo "2425"]
[BlackElo "2208"]
[PlyCount "181"]
[EventDate "2003.??.??"]
[Source "www.chesslib.no"]
[SourceDate "2004.05.04"]

1. d4 Nf6 2. c4 e5 3. dxe5 Ng4 4. e3 Nxe5 5. Nh3 Bb4+ 6. Bd2 Bxd2+ 7. Qxd2 d6 8. Nf4 O-O 9. Nc3 Be6 10. b3 Nbd7 11. Be2 Nc5 12. O-O Qd7 13. Rad1 Kh8 14. Qb2 Rfe8 15. Rd2 Bf5 16. Rfd1 Ng6 17. Nh5 f6 18. b4 Ne4 19. Nxe4 Bxe4 20. f3 Bf5 21. e4 Be6 22. c5 Ne5 23. cxd6 cxd6 24. Rxd6 Qf7 25. f4 Nc4 26. Bxc4 Bxc4 27. Ng3 Bb5 28. R1d5 Bc6 29. Rd4 Qc7 30. Qd2 a5 31. bxa5 Rxa5 32. h3 Raa8 33. Kh2 Qf7 34. Rd8 Rxa2 35. Rxe8+ Bxe8 36. Qb4 Ra4 37. Qd6 Rxd4 38. Qxd4 Bc6 39. Nf5 h6 40. Nd6 Qe6 41. Qb4 f5 42. Nxf5 Bxe4 43. Nh4 Kh7 44. Kg3 Qd5 45. Nf3 Bxf3 46. gxf3 b5 47. Kf2 Qc4 48. Qb1+ Kh8 49. Qe4 Qc5+ 50. Kg2 b4 51. Qe8+ Kh7 52. Qe4+ Kg8 53. f5 Kf8 54. Qa8+ Kf7 55. Qb7+ Kf6 56. Qd7 Qe7 57. Qb5 Qd6 58. h4 Qd4 59. Kh3 Qf4 60. Qc6+ Kxf5 61. h5 Qd4 62. Qg6+ Kf4 63. Qg3+ Ke3 64. Qg1+ Kd3 65. Qd1+ Kc4 66. Qa4 Qd5 67. Qa6+ Kb3 68. Kg3 Qe5+ 69. Kg2 Kb2 70. Qd3 b3 71. Kh3 Qxh5+ 72. Kg3 Qe5+ 73. Kh3 g5 74. Kg4 Qc3 75. Qf1 Qb4+ 76. Kh5 Ka2 77. Qa6+ Qa3 78. Qe6 Qf8 79. Qa6+ Kb1 80. Qd3+ Ka2 81. Qa6+ Qa3 82. Qc4 Qa8 83. Kxh6 Qxf3 84. Kxg5 Kb1 85. Kh6 b2 86. Kg7 Qg2+ 87. Kh8 Qc2 88. Qf1+ Ka2 89. Qa6+ Kb3 90. Qb5+ Kc3 91. Qc5+ 0-1

[Event "Catalunya-chT"]
[Site "?"]
[Date "1998.??.??"]
[Round "3"]
[White "Salgado Allaria Carlos"]
[Black "Ayza Ballester Jordi"]
[Result "1/2-1/2"]
[WhiteElo "2325"]
[BlackElo "2305"]
[PlyCount "124"]
[EventDate "1998.??.??"]
[Source "www.chesslib.no"]
[SourceDate "2004.05.04"]

1. d4 Nf6 2. c4 e5 3. dxe5 Ng4 4. e3 Nxe5 5. Nh3 Bb4+ 6. Bd2 Bxd2+ 7. Qxd2 Ng6 8. f4 d6 9. Nf2 O-O 10. Be2 Nc6 11. O-O f5 12. Nc3 Kh8 13. g3 Be6 14. Nd5 Qd7 15. Bf3 Rae8 16. b3 Nge7 17. Rfe1 Ng8 18. Rad1 Nf6 19. Nxf6 Rxf6 20. e4 Qc8 21. e5 dxe5 22. Bxc6 bxc6 23. Rxe5 Rff8 24. Nd3 Rd8 25. Qe2 Bg8 26. Re7 Qa6 27. Re1 Qb6+ 28. Kg2 Rf6 29. Re8 Rxe8 30. Qxe8 Qd4 31. Qe3 Qd8 32. Ne5 a5 33. h4 Rd6 34. Re2 Rd1 35. h5 Qd6 36. Qf3 Qd4 37. Qe3 Qa1 38. Nf3 Rh1 39. Ng1 Rxh5 40. Qf3 Rh6 41. Qf2 a4 42. Re8 axb3 43. axb3 Rd6 44. Qe2 Qf6 45. Nf3 c5 46. Qe5 h6 47. Qxf6 Rxf6 48. Rc8 Rb6 49. Rxc7 Rxb3 50. Rxc5 Rb2+ 51. Kh3 Be6 52. Nd4 Bf7 53. Nxf5 Be6 54. g4 h5 55. gxh5 Rc2 56. Kg3 Bxf5 57. Rxf5 Rxc4 58. Kg4 Kh7 59. Ra5 Rc6 60. Kg5 Rb6 61. Ra7 Rc6 62. f5 Rb6 1/2-1/2

[Event "Jogos Abertos do Interior"]
[Site "?"]
[Date "1998.??.??"]
[Round "?"]
[White "Limp Eduardo"]
[Black "Hadad Damaris"]
[Result "1/2-1/2"]
[WhiteElo "2415"]
[BlackElo "2205"]
[PlyCount "103"]
[EventDate "1998.??.??"]
[Source "www.chesslib.no"]
[SourceDate "2004.05.04"]

1. d4 Nf6 2. c4 e5 3. dxe5 Ng4 4. e6 Bb4+ 5. Bd2 Bxd2+ 6. Qxd2 fxe6 7. h3 Ne5 8. Qc3 Qf6 9. Nf3 Nbc6 10. Nxe5 Nxe5 11. g3 O-O 12. f4 Nc6 13. Qxf6 gxf6 14. Nc3 b6 15. Rd1 Bb7 16. Bg2 d6 17. Kf2 Rae8 18. Bf3 Re7 19. Rhg1 Rg7 20. b3 a6 21. e3 f5 22. Rg2 Nd8 23. g4 fxg4 24. hxg4 e5 25. Bxb7 Nxb7 26. Kf3 Nc5 27. Ne4 exf4 28. exf4 Nxe4 29. Kxe4 Re7+ 30. Kf3 Rfe8 31. Rd3 Kg7 32. Rh2 Re1 33. Kg3 Rg1+ 34. Kh4 Re6 35. Rd5 h6 36. Rdd2 Re4 37. Rdf2 b5 38. cxb5 axb5 39. Rh3 Rd1 40. Kh5 Rg1 41. Kh4 b4 42. Rd3 Rc1 43. Kg3 Rc5 44. Kf3 Re1 45. Re2 Rf1+ 46. Kg3 Kf6 47. Red2 Kg7 48. Re2 Rfc1 49. Re7+ Kf6 50. Rde3 R1c3 51. R7e6+ Kf7 52. Re7+ 1/2-1/2